Environmental engineering (Record no. 5357)

000 -LEADER
fixed length control field 00678nam a2200241 4500
001 - CONTROL NUMBER
control field 5357
003 - CONTROL NUMBER IDENTIFIER
control field BD-DhUET
008 - FIXED-LENGTH DATA ELEMENTS--GENERAL INFORMATION
fixed length control field 141126b xxu||||| |||| 00| 0 eng d
020 ## - INTERNATIONAL STANDARD BOOK NUMBER
International Standard Book Number 0071002316
040 ## - CATALOGING SOURCE
Transcribing agency 0
Modifying agency BD-DhUET
082 ## - DEWEY DECIMAL CLASSIFICATION NUMBER
Classification number 628
Item number PEA/1985
100 ## - MAIN ENTRY--PERSONAL NAME
Personal name Peavy, Howard S
245 ## - TITLE STATEMENT
Title Environmental engineering
250 ## - EDITION STATEMENT
Edition statement 1st ed.
260 ## - PUBLICATION, DISTRIBUTION, ETC. (IMPRINT)
Place of publication, distribution, etc. New york
Name of publisher, distributor, etc. McGraw-Hill
Date of publication, distribution, etc. 1985
300 ## - PHYSICAL DESCRIPTION
Extent xiv,699 p.+various paging
Other physical details ill.
490 ## - SERIES STATEMENT
Series statement McGraw-Hill series in water resources and environmental engineering
504 ## - BIBLIOGRAPHY, ETC. NOTE
Bibliography, etc Includes bibliographies
650 #0 - SUBJECT ADDED ENTRY--TOPICAL TERM
Topical term or geographic name as entry element Environmental engineering
700 ## - ADDED ENTRY--PERSONAL NAME
Personal name Rowe, Donald R.
700 ## - ADDED ENTRY--PERSONAL NAME
Personal name Tchobanoglous, George
942 ## - ADDED ENTRY ELEMENTS (KOHA)
Koha item type General Book
Holdings
Koha full call number Koha issues (times borrowed) Not for loan Withdrawn status Source of classification or shelving scheme Date acquired Location (home branch) Sublocation or collection (holding branch) Koha renewals Copy number Price effective from Damaged status Lost status Piece designation (barcode) Koha normalized classification for sorting Koha item type Koha date last borrowed Shelving location Koha date last seen
628/PEA/19859   2014-11-26Central Library, BUETCentral Library, BUET 12014-11-26  81896628PEA1985General Book2023-12-10Circulation section2024-09-08
628/PEA/198510   2014-11-26Central Library, BUETCentral Library, BUET 22014-11-26  81895628PEA1985General Book2024-03-16Circulation section2024-06-02
628/PEA/1985    2015-06-18Central Library, BUETCentral Library, BUET 32015-06-18  88788628_000000000000000_PEA_1985Reading Item Reading section2015-06-18
628/PEA/1985    2015-06-18Central Library, BUETCentral Library, BUET 42015-06-18  87579628_000000000000000_PEA_1985Reading Item Reading section2015-06-18
628/PEA/19852   1991-10-28Central Library, BUETCentral Library, BUET 52017-10-31  81894628_000000000000000_PEA_1985General Book2020-03-16Circulation section2021-11-13
628 PEA/1985    1991-10-28Central Library, BUETCentral Library, BUET ক-৫১2024-12-01  81847628_000000000000000_PEA_1985Rental Item Rental section2024-12-01
628 PEA/1985    1991-10-28Central Library, BUETCentral Library, BUET ক-৭৮2024-12-01  81874628_000000000000000_PEA_1985Rental Item Rental section2024-12-01
628 PEA/1985    1991-10-28Central Library, BUETCentral Library, BUET ক-৭৯2024-12-01  81875628_000000000000000_PEA_1985Rental Item Rental section2024-12-01
628 PEA/1985    1991-10-28Central Library, BUETCentral Library, BUET ক-৮০2024-12-01  81876628_000000000000000_PEA_1985Rental Item Rental section2024-12-01
628 PEA/1985    1991-10-28Central Library, BUETCentral Library, BUET ক-৮১2024-12-01  81877628_000000000000000_PEA_1985Rental Item Rental section2024-12-01
628 PEA/1985    1991-10-28Central Library, BUETCentral Library, BUET ক-৮২2024-12-01  81878628_000000000000000_PEA_1985Rental Item Rental section2024-12-01
628 PEA/1985    1991-10-28Central Library, BUETCentral Library, BUET ক-৮৩2024-12-01  81879628_000000000000000_PEA_1985Rental Item Rental section2024-12-01
628 PEA/1985    1991-10-28Central Library, BUETCentral Library, BUET ক-৮৪2024-12-01  81880628_000000000000000_PEA_1985Rental Item Rental section2024-12-01
628 PEA/1985    1991-10-28Central Library, BUETCentral Library, BUET ক-৮৫2024-12-01  81881628_000000000000000_PEA_1985Rental Item Rental section2024-12-01
628 PEA/1985    1991-10-28Central Library, BUETCentral Library, BUET ক-৮৬2024-12-01  81882628_000000000000000_PEA_1985Rental Item Rental section2024-12-01
628 PEA/1985    1991-10-28Central Library, BUETCentral Library, BUET ক-৮৭2024-12-01  81883628_000000000000000_PEA_1985Rental Item Rental section2024-12-01
628 PEA/1985    1991-10-28Central Library, BUETCentral Library, BUET ক-৮৭2024-12-01  81884628_000000000000000_PEA_1985Rental Item Rental section2024-12-01